| 000 | 00542nam a2200193 a 4500 | ||
|---|---|---|---|
| 001 | 000028108 | ||
| 005 | 20200930031345.0 | ||
| 008 | 110406s1994 dr 000 | spa d | ||
| 040 |
_aDO-SdBNP _bspa _cBNPHU |
||
| 082 |
_axxx _bM425f, 1994 |
||
| 100 | 1 |
_aMateu, Gregorio _947487 |
|
| 245 | 1 | 3 |
_aLa felicidad a tu alcance / _cGregorio Mateu. |
| 250 | _a2a ed. | ||
| 260 |
_aSanto Domingo : _bEdiciones Vitesa, _c1994. |
||
| 300 |
_a74 p. ; _c20 cm. |
||
| 490 | 1 | _aVida, tesón, salud | |
| 830 | 0 |
_aVida, tesón, salud _955116 |
|
| 049 | _aBNPD | ||
| 999 |
_c27600 _d27600 |
||